[Event "Vall del Tenes op 5th"]
[Site "Vall del Tenes"]
[Date "2016.04.29"]
[Round "4"]
[White "Rius Planas, Josep"]
[Black "Puig Estival, Joan"]
[Result "1-0"]
[WhiteElo "1251"]
[BlackElo "1662"]
[PlyCount "73"]
[EventDate "2016.04.08"]
[EventType "swiss"]
[EventRounds "8"]
[EventCountry "ESP"]
[SourceTitle "CBM 172 Extra"]
[Source "ChessBase"]
[SourceDate "2016.06.21"]
[SourceVersion "1"]
[SourceVersionDate "2016.06.21"]
[SourceQuality "1"]

1. e4 e5 2. Bc4 Nf6 3. d3 h6 4. Nf3 d6 5. c3 c6 6. 0-0 b5 7. Bb3 c5 8. Re1 c4 9. dxc4 bxc4 10. Bxc4 Nc6 11. b4 a6 12. Qb3 Qe7 13. Qa4 Bd7 14. Qb3 Be6 15. Bxe6 Qxe6 16. Qxe6+ fxe6 17. Nh4 g5 18. Ng6 Rg8 19. Nxf8 Kxf8 20. Nd2 d5 21. Bb2 d4 22. Nf3 d3 23. Nd2 Rb8 24. Ba3 Kf7 25. Bb2 a5 26. a3 Na7 27. Rab1 Rgc8 28. c4 axb4 29. Bxe5 Ng4 30. Bxb8 Rxb8 31. Rxb4 Rxb4 32. axb4 Ne5 33. b5 Nd7 34. Nb3 Ne5 35. Nd2 Nc8 36. Rb1 Nd6 37. c5 1-0

[Event "Vall del Tenes op 5th"]
[Site "Vall del Tenes"]
[Date "2016.04.15"]
[Round "2"]
[White "Rius Planas, Josep"]
[Black "Viaplana Puigdomenech, Santi"]
[Result "0-1"]
[WhiteElo "1251"]
[BlackElo "1562"]
[PlyCount "118"]
[EventDate "2016.04.08"]
[EventType "swiss"]
[EventRounds "8"]
[EventCountry "ESP"]
[SourceTitle "CBM 172 Extra"]
[Source "ChessBase"]
[SourceDate "2016.06.21"]
[SourceVersion "1"]
[SourceVersionDate "2016.06.21"]
[SourceQuality "1"]

1. e4 e6 2. d4 d5 3. e5 c5 4. c3 Bd7 5. Nf3 Nc6 6. Bd2 Qb6 7. b3 cxd4 8. Be2 dxc3 9. Bxc3 Bb4 10. 0-0 Nge7 11. Bd3 Qc7 12. Re1 Ng6 13. Bxg6 fxg6 14. Qd3 0-0 15. a3 Be7 16. b4 a6 17. Nbd2 Rf5 18. Re3 Raf8 19. Rae1 Qd8 20. Nb3 Na7 21. Nc5 Bxc5 22. bxc5 Bb5 23. Qd2 Nc6 24. Ra1 Bc4 25. Ree1 R8f7 26. Rab1 Rd7 27. Bd4 Bb5 28. Bc3 d4 29. Bb2 Rd5 30. Rbc1 Rd7 31. Re4 d3 32. Re3 Na5 33. Qb4 Nc6 34. Qc3 Nd4 35. Nxd4 Rxd4 36. Rd1 Rd5 37. a4 Bxa4 38. Rdxd3 Bc6 39. Rxd5 Bxd5 40. f3 Rf7 41. Qd4 Rd7 42. Qc3 Bc6 43. h3 Rd2 44. Bc1 Rd5 45. Kf2 Bb5 46. Kg1 Qf8 47. Ba3 Qd8 48. Re1 Rd3 49. Qb2 Qa5 50. Qc1 Qxa3 51. Qxa3 Rxa3 52. Rd1 Kf7 53. Kf2 Ra2+ 54. Kg3 Rc2 55. Rd8 Rxc5 56. Rb8 Rc7 57. Kf4 a5 58. Rd8 a4 59. Rd3 Bxd3 0-1

[Event "Moia op 4th"]
[Site "Moia"]
[Date "2015.10.16"]
[Round "5"]
[White "Romano Cases, Jordi"]
[Black "Rius Planas, Josep"]
[Result "0-1"]
[WhiteElo "1741"]
[BlackElo "1616"]
[PlyCount "62"]
[EventDate "2015.09.18"]
[EventType "swiss"]
[EventRounds "8"]
[EventCountry "ESP"]
[SourceTitle "EXT 2017"]
[Source "ChessBase"]
[SourceDate "2016.10.25"]
[SourceVersion "1"]
[SourceVersionDate "2016.10.25"]
[SourceQuality "1"]

1. e4 e5 2. Nf3 Nc6 3. Bb5 Nf6 4. d3 Bc5 5. 0-0 d6 6. c3 Bd7 7. Re1 a6 8. Ba4 b5 9. Bc2 Bg4 10. Nbd2 0-0 11. h3 Bc8 12. Nf1 Bb7 13. d4 exd4 14. cxd4 Bb6 15. e5 dxe5 16. dxe5 Qxd1 17. Rxd1 Ne8 18. Be3 Nb4 19. Bxb6 cxb6 20. Bb3 Nc7 21. a3 Nc6 22. Rd7 Rac8 23. N1h2 Nd8 24. Rad1 Nde6 25. R1d6 Nc5 26. Rxb6 Nxd7 27. Rxb7 Nc5 28. Rxc7 Nxb3 29. Rxc8 Rxc8 30. Ng4 Rc1+ 31. Kh2 Rc2 0-1

[Event "Vall del Tenes op 4th"]
[Site "Santa Eulalia de Roncana"]
[Date "2015.05.22"]
[Round "6"]
[White "Rius Planas, Josep"]
[Black "Barcons Gallach, Salvador"]
[Result "0-1"]
[WhiteElo "1693"]
[BlackElo "1685"]
[PlyCount "126"]
[EventDate "2015.04.10"]
[EventType "swiss"]
[EventRounds "8"]
[EventCountry "ESP"]
[SourceTitle "CBM 166 Extra"]
[Source "ChessBase"]
[SourceDate "2015.06.18"]
[SourceVersion "1"]
[SourceVersionDate "2015.06.18"]
[SourceQuality "1"]

1. e4 d5 2. e5 d4 3. Bc4 Nc6 4. Nf3 Bg4 5. h3 Bxf3 6. Qxf3 Nxe5 7. Qd5 Nxc4 8. Qxc4 Nf6 9. Qb5+ Qd7 10. Qxb7 Qe6+ 11. Kf1 Qc8 12. Qxc8+ Rxc8 13. d3 e5 14. f3 Bd6 15. Nd2 0-0 16. Nc4 Nd5 17. a3 Bc5 18. Nxe5 Ne3+ 19. Bxe3 dxe3 20. Ke2 Rfe8 21. Nc4 Rb8 22. Rab1 Bd6 23. b3 Re6 24. Nxd6 cxd6 25. a4 d5 26. d4 f5 27. a5 Rbe8 28. b4 Rg6 29. g4 f4 30. h4 Rc6 31. Rb2 Rec8 32. Rc1 a6 33. Kd3 Rc3+ 34. Ke2 R8c4 35. b5 axb5 36. a6 Rxd4 37. Rd1 Rxd1 38. Kxd1 Ra3 39. Ke2 Rxa6 40. Rxb5 Rd6 41. c3 h6 42. Kd3 Kf7 43. Rb7+ Kf6 44. Rb5 g5 45. h5 Ke7 46. Rb7+ Rd7 47. Rb6 Rd6 48. Rb7+ Kd8 49. Rh7 Re6 50. Ke2 Ke8 51. Ra7 Rb6 52. Ra2 Kd7 53. Kd3 Kc6 54. Ke2 Kc5 55. Kd3 Rb3 56. Ra5+ Rb5 57. Ra4 Rb6 58. Ra5+ Rb5 59. Ra4 Rb2 60. Ra5+ Kb6 61. Rxd5 Rd2+ 62. Kc4 Rxd5 63. Kxd5 Kc7 0-1

[Event "Roncana op-B 8th"]
[Site "Santa Eulalia de Roncana"]
[Date "2014.11.08"]
[Round "4"]
[White "Rius Planas, Josep"]
[Black "Maria Medina, Joan Josep"]
[Result "0-1"]
[WhiteElo "1700"]
[BlackElo "1816"]
[PlyCount "104"]
[EventDate "2014.10.11"]
[EventType "swiss"]
[EventRounds "8"]
[EventCountry "ESP"]
[SourceTitle "EXT 2016"]
[Source "ChessBase"]
[SourceDate "2015.10.08"]
[SourceVersion "1"]
[SourceVersionDate "2015.10.08"]
[SourceQuality "1"]

1. e4 b6 2. d4 Bb7 3. e5 e6 4. Nf3 d6 5. Nc3 Nd7 6. Bb5 a6 7. Be2 Ne7 8. 0-0 Ng6 9. exd6 Bxd6 10. Re1 0-0 11. Bg5 Nf6 12. Bd3 Nf4 13. Bxf4 Bxf4 14. Ne2 Bxf3 15. gxf3 Bd6 16. Be4 Rb8 17. Qd3 b5 18. Ng3 g6 19. a3 Nd5 20. Bxd5 exd5 21. Qd2 Qf6 22. Kg2 Bf4 23. Qd3 h5 24. Qe2 h4 25. c3 hxg3 26. fxg3 Bd6 27. Qd2 Kg7 28. Re2 Rh8 29. Rh1 Rh5 30. Qe1 Rbh8 31. Qg1 Rf5 32. Qf2 Qd8 33. h4 Re8 34. Rxe8 Qxe8 35. Re1 Qd8 36. f4 a5 37. Qf3 c6 38. Qg4 b4 39. axb4 axb4 40. Qe2 bxc3 41. bxc3 Bxf4 42. Qg4 Bd2 43. Rh1 Qe7 44. h5 Qe4+ 45. Qxe4 dxe4 46. h6+ Bxh6 47. Re1 e3 48. g4 Rf2+ 49. Kg3 Bg5 50. c4 Rd2 51. Kf3 Rxd4 52. Rc1 Rf4+ 0-1

[Event "Moia op 3rd"]
[Site "Moia"]
[Date "2014.10.10"]
[Round "4"]
[White "Barcons Gallach, Alfonso"]
[Black "Rius Planas, Josep"]
[Result "1-0"]
[WhiteElo "1700"]
[BlackElo "1700"]
[PlyCount "125"]
[EventDate "2014.09.19"]
[EventType "swiss"]
[EventRounds "8"]
[EventCountry "ESP"]
[SourceTitle "EXT 2016"]
[Source "ChessBase"]
[SourceDate "2015.10.08"]
[SourceVersion "1"]
[SourceVersionDate "2015.10.08"]
[SourceQuality "1"]

1. f4 d5 2. d4 Nf6 3. e3 Nc6 4. Nf3 Bg4 5. Bd3 e6 6. 0-0 Bd6 7. Qe1 0-0 8. Qh4 Bf5 9. Bxf5 exf5 10. Nc3 Nb4 11. Rf2 c6 12. a3 Na6 13. Ne2 Ne4 14. Qxd8 Raxd8 15. Rf1 h6 16. b4 Nc7 17. Nd2 Nxd2 18. Bxd2 Rfe8 19. Ng3 g6 20. Rac1 b5 21. Rf3 Kg7 22. Kf2 Rh8 23. h4 h5 24. Nf1 Be7 25. Rh3 Na8 26. Ra1 Nb6 27. Be1 a6 28. Nd2 Nc4 29. Nxc4 dxc4 30. Bc3 Bf6 31. a4 Ra8 32. g3 Kh6 33. Rhh1 Rhe8 34. Ra3 Be7 35. Rha1 a5 36. axb5 axb4 37. Rxa8 Rxa8 38. Rxa8 bxc3 39. bxc6 Bd6 40. Rd8 Bc7 41. Rd7 Bb6 42. c7 Bxc7 43. Rxc7 Kg7 44. d5 Kf6 45. Rc6+ Ke7 46. Rxc4 Kd6 47. Rd4 f6 48. Ke2 g5 49. Kd3 g4 50. Kxc3 Kd7 51. Kb4 Kd6 52. c4 Kd7 53. c5 Ke7 54. Kb5 Kd7 55. c6+ Kd6 56. Kb6 Ke7 57. Kc7 Kf7 58. d6 Ke6 59. d7 Kf7 60. d8Q Kg6 61. Rd7 Kh6 62. Qh8+ Kg6 63. Qg7# 1-0

[Event "Vall del Tenes op 3rd"]
[Site "Santa Eulalia de Roncana"]
[Date "2014.06.13"]
[Round "8"]
[White "Rius Planas, Josep"]
[Black "Garcia Torres, Adolfo"]
[Result "0-1"]
[WhiteElo "1700"]
[BlackElo "1732"]
[PlyCount "90"]
[EventDate "2014.04.25"]
[EventType "swiss"]
[EventRounds "8"]
[EventCountry "ESP"]
[SourceTitle "EXT 2015"]
[Source "ChessBase"]
[SourceDate "2014.11.20"]
[SourceVersion "1"]
[SourceVersionDate "2014.11.20"]
[SourceQuality "1"]

1. e4 e5 2. Nc3 Nf6 3. Bc4 Nc6 4. Nf3 Bb4 5. d3 h6 6. Bd2 d6 7. Nd5 Bxd2+ 8. Qxd2 a6 9. c3 Na5 10. Bb3 Nxb3 11. axb3 0-0 12. c4 c6 13. Nc3 Re8 14. h3 d5 15. c5 d4 16. Na4 Nd7 17. b4 b5 18. Nb6 Nxb6 19. cxb6 Qxb6 20. Qc2 Bb7 21. 0-0 Rac8 22. Qc5 Qc7 23. Rfe1 Re6 24. Ra5 Rce8 25. Nh4 g6 26. Qc1 Kh7 27. g4 Qe7 28. Nf3 Qxb4 29. Ra2 g5 30. Kg2 Rf6 31. Ng1 c5 32. f3 Rc8 33. Re2 c4 34. Qd2 Qxd2 35. Rxd2 Rfc6 36. Ra1 cxd3 37. Kg3 Rc2 38. Rxc2 dxc2 39. Rc1 d3 40. Ra1 c1Q 41. Rxc1 Rxc1 42. Kf2 d2 43. Ne2 d1Q 44. Nxc1 Qxc1 45. Kg3 Qg1# 0-1

[Event "Vall del Tenes op 3rd"]
[Site "Santa Eulalia de Roncana"]
[Date "2014.04.25"]
[Round "1"]
[White "Exojo Lozano, Angel"]
[Black "Rius Planas, Josep"]
[Result "1-0"]
[WhiteElo "1903"]
[BlackElo "1700"]
[PlyCount "99"]
[EventDate "2014.04.25"]
[EventType "swiss"]
[EventRounds "8"]
[EventCountry "ESP"]
[SourceTitle "CBM 160 Extra"]
[Source "ChessBase"]
[SourceDate "2014.07.01"]
[SourceVersion "1"]
[SourceVersionDate "2014.07.01"]
[SourceQuality "1"]

1. Nf3 Nc6 2. c4 d6 3. Nc3 Bg4 4. e3 Nf6 5. Be2 e5 6. 0-0 Be7 7. d4 e4 8. Nd2 Bf5 9. Qb3 Qb8 10. Qb5 g6 11. d5 a6 12. Qa4 0-0 13. dxc6 bxc6 14. Qc2 Qb7 15. b3 d5 16. Bb2 Kg7 17. cxd5 cxd5 18. Qd1 Bb4 19. Rc1 c6 20. a3 Bxc3 21. Rxc3 a5 22. Qa1 Qc7 23. Rfc1 Bd7 24. Rc5 Qd6 25. h3 h5 26. Bc3 a4 27. b4 Rfe8 28. Bxf6+ Qxf6 29. Qxf6+ Kxf6 30. Nb1 Rec8 31. Nc3 Ke6 32. Bd1 Ra6 33. Ne2 Kd6 34. Nd4 f5 35. Kf1 Ke5 36. b5 Ra5 37. Nxc6+ Bxc6 38. Rxc6 Rxc6 39. bxc6 Ra8 40. c7 Rc8 41. Bxa4 Kd6 42. Be8 Rxc7 43. Rxc7 Kxc7 44. Bxg6 h4 45. Bxf5 Kc6 46. Be6 Kd6 47. Bg4 Ke5 48. a4 Kd6 49. Ke2 Kc5 50. Kd2 1-0